| 000 | 00749nam a2200229Ia 4500 | ||
|---|---|---|---|
| 003 | GCL | ||
| 008 | 140319s9999 xx 000 0 ara d | ||
| 040 |
_aGCL / _cGCL |
||
| 082 | 0 | 4 |
_a677.4 _bا ط |
| 100 | 1 | _aاحمد فؤاد النجعاوى | |
| 245 | 1 | 0 |
_aطباعة الالياف الصناعية وخلطاتها: اقمشة- خيوط- سجاد / _cاحمد فؤاد النجعاوى |
| 260 |
_a[S.N] : _bمنشاة المعارف ، _c1983 |
||
| 300 | _a423 ص | ||
| 490 | _a | ||
| 650 | 0 | 4 | _aالالياف الصناعية |
| 650 | 0 | 4 | _aالمنسوجات |
| 650 | 0 | 4 | _aالغزل والنسيج |
| 650 | 0 | 4 | _aطباعة المنسوجات |
| 650 | 0 | 4 | _aالصوف الصناعى |
| 650 | 0 | 4 | _aالالياف |
| 942 |
_2ddc _cBK |
||
| 999 |
_c33198 _d33198 |
||